Biodiversity and egriculture : Proceeding of lectures
Contents: Basic of biodiversity and agricultural development;plant response to environmental stress; conservation of biodiversity
Na minha lista:
| Formato: | Livro |
|---|---|
| Idioma: | Undetermined |
| Publicado em: |
CanTho
Đại Học Cần Thơ
2001
|
| Assuntos: | |
| Tags: |
Adicionar Tag
Sem tags, seja o primeiro a adicionar uma tag!
|
| Thư viện lưu trữ: | Trung tâm Học liệu Trường Đại học Cần Thơ |
|---|
| LEADER | 00655nam a2200181Ia 4500 | ||
|---|---|---|---|
| 001 | CTU_143888 | ||
| 008 | 210402s9999 xx 000 0 und d | ||
| 082 | |a 333.9516 | ||
| 082 | |b B615 | ||
| 245 | 0 | |a Biodiversity and egriculture : | |
| 245 | 0 | |b Proceeding of lectures | |
| 260 | |a CanTho | ||
| 260 | |b Đại Học Cần Thơ | ||
| 260 | |c 2001 | ||
| 520 | |a Contents: Basic of biodiversity and agricultural development;plant response to environmental stress; conservation of biodiversity | ||
| 650 | |a Biological agriculture,Đa dạng sinh học nông nghiệp | ||
| 904 | |i Tuyến | ||
| 980 | |a Trung tâm Học liệu Trường Đại học Cần Thơ | ||